Stany USA lub Państwa Europy według liczby ludności - Statystyki

Ogólne statystyki
  • Ten quiz został rozwiązany 11 821 razy
    6 592 od ostatniego zresetowania
  • Średni wynik to 18 z 25
Statystyki odpowiedzi
Liczba ludności Stan / Państwo % Poprawnych
39,9 mln Polska
96%
83,4 mln Niemcy
95%
64,7 mln Francja
94%
111 mln Rosja
94%
47,6 mln Hiszpania
92%
59 mln Włochy
90%
67,8 mln Wielka Brytania
89%
39 mln Kalifornia
87%
39,7 mln Ukraina
87%
19,7 mln Nowy Jork
85%
30 mln Teksas
84%
10,3 mln Portugalia
75%
10,5 mln Szwecja
75%
22,2 mln Floryda
72%
10,4 mln Grecja
72%
19,7 mln Rumunia
71%
17,7 mln Holandia
67%
10,5 mln Czechy
66%
11,7 mln Belgia
63%
11,8 mln Ohio
49%
12,6 mln Illinois
39%
13 mln Pensylwania
39%
10,9 mln Georgia
37%
10,6 mln Karolina Północna
36%
10 mln Michigan
36%
Nie znaleziono quizów pasujących do podanych kryteriów
Rozkład punktacji
Procent ludzi z każdym wynikiem
Percentyl według liczby udzielonych odpowiedzi
Twoja historia wyników
Nie rozwiązałeś tego quizu od ostatniego zresetowania